Vista normal Vista MARC

Entrada Personal Name

Número de registros utilizados en: 1

001 - CONTROL NUMBER

  • control field: 59924

003 - CONTROL NUMBER IDENTIFIER

  • control field: OSt

005 - DATE AND TIME OF LATEST TRANSACTION

  • control field: 20250605151617.0

008 - FIXED-LENGTH DATA ELEMENTS

  • fixed length control field: 250605|| aca||aabn | a|a d

040 ## - CATALOGING SOURCE

  • Original cataloging agency: OSt
  • Transcribing agency: OSt

100 ## - HEADING--PERSONAL NAME

  • Personal name: Butter, Nicola, diseñador

670 ## - SOURCE DATA FOUND

  • Source citation: Work cat.: (OSt)57213: Dickins, Rosie 59920, Mi pequeña antología del arte









Instituto Departamental de Cultura del Meta - Red Departamental de Bibliotecas Públicas del Meta.